000 00999cab a2200325 4500
001 ABS46191
008 090401t1992 xxu||||| |||| 00| 0 eng d
035 _a(Sirsi) u57109
041 _aeng
100 _aHutchings, J.
245 _aTreatment to halt corrosion in reinforced concrete
260 _c1992
350 _a0
490 _aCS Monthly
_bthe Building Surveyor
_v1(7) April 1992, 8(1)
520 _aExplains the corrosion of reinforced concrete through carbonation or chloride contamination and describes electrochemical methods of treatment.
650 _aCARBONATION
650 _aCHLORIDES
650 _aCORROSION
650 _aDESALINATION
650 _aELECTROCHEMICAL TREATMENT
650 _aMAKERS TECHNICAL DIVISION
650 _aRE-ALKALISATION
650 _aREBAR CORROSION
650 _aREINFORCED CONCRETE
650 _aREPAIR METHODS
690 _aBUILT ENVIRONMENT-BUILDING PATHOLOGY
700 _aPeppler, D.
942 _n0
948 _c04/03/1997
999 _c34806
_d34806